‎کو ثر صد يقی کی ر با عی گو ئ (Record no. 92198)

MARC details
000 -LEADER
fixed length control field 00736nam a22002297a 4500
005 - DATE AND TIME OF LATEST TRANSACTION
control field 20150311124614.0
008 - FIXED-LENGTH DATA ELEMENTS--GENERAL INFORMATION
fixed length control field 140714b xxu||||| |||| 00| 0 Urdu d
010 ## - LCCN (DPL NO)
LC control number UR-8721
020 q# - INTERNATIONAL STANDARD BOOK NUMBER
Terms of availability 300.00.
035 ## - SYSTEM CONTROL NUMBER
System control number U-7276
037 ## - SOURCE OF ACQUISITION
Source of stock number/acquisition DBAD/Pub.
040 ## - CATALOGING SOURCE
Original cataloging agency DPL
Language of cataloging Urdu
082 ## - DEWEY DECIMAL CLASSIFICATION NUMBER
Classification number 841
100 ## - MAIN ENTRY--PERSONAL NAME
Personal name مر تب :جا و يد يز د انی
110 ## - MAIN ENTRY--CORPORATE NAME
Subordinate unit -
245 ## - TITLE STATEMENT
Title ‎کو ثر صد يقی کی ر با عی گو ئ
Statement of responsibility, etc مر تب :جا و يد يز د انی
246 ## - VARYING FORM OF TITLE
Title proper/short title Kausar Siddiqui ki Rubaai Goyee
Remainder of title Comp. By Javed Yezdani
260 ## - PUBLICATION, DISTRIBUTION, ETC. (IMPRINT)
Place of publication, distribution, etc د ھلی
Name of publisher, distributor, etc Javed Yezdani
Date of publication, distribution, etc 2013
270 ## - ADDRESS
Address 36,Chowki Talaiya, Bhopal
City Bhopal
Postal code 462001
300 ## - PHYSICAL DESCRIPTION
Extent 360ص
Dimensions 22Cm (Hb)
942 ## - ADDED ENTRY ELEMENTS (KOHA)
Source of classification or shelving scheme Dewey Decimal Classification
Item type Urdu Bks
Edition
Classification part 841
Call number suffix ص د ی
Holdings
Withdrawn status Lost status Source of classification or shelving scheme Damaged status Not for loan Collection code Home library Current library Date acquired Source of acquisition Cost, normal purchase price Total Checkouts Full call number Barcode Date last seen Copy number Cost, replacement price Koha item type
    Dewey Decimal Classification   Not For Loan Non-fiction D.B.Act.Division D.B.Act.Division 11/03/2015 DBAD/Pub. 300.00   841 ص د ی U-7276 11/03/2015 1 300.00 Urdu Bks

© Delhi Public Library
Hit Counter
free hit counter